Albums studios de Mylène Farmer - Statistiques

Statistiques générales
  • Ce quiz a été pris 73 fois
  • Le résultat moyen est 11 sur 12
Statistiques - réponses
Année Album % Correct
1988 Ainsi soit je...
92%
1999 Innamoramento
92%
2012 Monkey Me
90%
1995 Anamorphosée
89%
2010 Bleu noir
89%
1986 Cendres de lune
89%
2008 Point de suture
89%
2005 Avant que l'ombre...
85%
2018 Désobéissance
85%
1991 L'Autre…
85%
2015 Interstellaires
84%
2022 L'Emprise
81%
Aucun quiz correspondant
Distribution des résultats
% des personnes avec chaque résultat
Percentile par nombre de réponses
Votre historique - résultats
Vous n’avez pas pris ce quiz